Code of practice for forest harvesting in Asia-Pacific

Bibliographic Details
Corporate Author: ASIA-Pacific Forestry Commission
Format: Book
Published: Bangkok : FAO Regional Office for Asia and the Pacific , 1999
Series:RAP publication: 1999/12
Subjects:

MARC

LEADER 00000cam a2200000 7i4500
001 0000001246
005 20030331.0
020 0 0 |a 9748666948 
090 0 0 |a FAO 338.1095   |b ASI 1999 
110 1 0 |a ASIA-Pacific Forestry Commission 
245 1 0 |a Code of practice for forest harvesting in Asia-Pacific   |c Asia-Pacific Forestry Commission 
260 0 0 |a Bangkok :   |b FAO Regional Office for Asia and the Pacific ,   |c 1999 
300 |a xiii, 133 p. :   |b ill. ;   |c 30 cm. 
440 0 0 |a RAP publication: 1999/12 
500 0 0 |a Includes bibliographical references 
650 0 0 |a Logging   |z Asia 
650 0 0 |a Logging   |z Oceania 
650 0 0 |a Sustainable forestry   |z Asia 
650 0 0 |a Sustainable forestry   |z Oceania 
998 |a JPSM 
999 |a 0000003049   |b Monograph   |c Open Shelf   |e Default branch